Filósofos alemanes (Record no. 139488)

MARC details
000 -LEADER
campo de control de longitud fija 00851nam a2200217 4500
001 - NÚMERO DE CONTROL
campo de control 139488
003 - IDENTIFICADOR DE NÚMERO DE CONTROL
campo de control ES-MaACL
007 - CAMPO FIJO DE DESCRIPCIÓN FÍSICA--INFORMACIÓN GENERAL
campo de control de longitud fija t|
008 - DATOS DE LONGITUD FIJA--INFORMACIÓN GENERAL
campo de control de longitud fija 070214s1973 mx r ||||1| spa d
100 1# - ENTRADA PRINCIPAL--NOMBRE DE PERSONA
Nombre de persona Sauer, Ernst Friedrich.
9 (RLIN) 103960
245 10 - MENCIÓN DEL TÍTULO
Título Filósofos alemanes
Resto del título : de Eckhart a Heidegger /
Mención de responsabilidad, etc. presentación, crítica y juicios sobre sus filosofías de Ernst Friedrich Sauer ; traducción de María Martínez Peñaloza.
250 ## - MENCION DE EDICION
Mención de edición 1ª. ed. en español.
260 ## - PUBLICACIÓN, DISTRIBUCIÓN, ETC.
Lugar de publicación, distribución, etc. México :
Nombre del editor, distribuidor, etc. Fondo de Cultura Económica,
Fecha de publicación, distribución, etc. 1973.
300 ## - DESCRIPCIÓN FÍSICA
Extensión 308 p. ;
Dimensiones 17 cm.
490 1# - MENCIÓN DE SERIE
Mención de serie Brevarios del fondo de cultura económica ;
Designación de volumen o secuencia 231
700 1# - ENTRADA AGREGADA--NOMBRE PERSONAL
Nombre de persona Martínez Peñaloza, María.
9 (RLIN) 78319
830 0# - PUNTO DE ACCESO ADICIONAL DE SERIE-TÍTULO UNIFORME
Título uniforme Brevarios del fondo de cultura económica ;
Designación de volumen o secuencia 231
9 (RLIN) 220233
852 ## - LOCALIZACIÓN
Ubicación ES-MaACL
Número de control de estantería E-6188
Sublocalización o colección R.90401
852 ## - LOCALIZACIÓN
Ubicación ES-MaACL
Número de control de estantería L-8296
Sublocalización o colección R.109081
Holdings
Estatus retirado Estado de pérdida Estado de daño No para préstamo Biblioteca de origen Biblioteca actual Ubicación en estantería Fecha de adquisición Fuente de adquisición Total de préstamos Signatura topográfica completa Código de barras Visto por última vez Precio de reemplazo Tipo de ítem Koha
        Biblioteca del Ateneo de Madrid Biblioteca del Ateneo de Madrid Depósito 2 17/01/2008     L-8296 1145161 23/02/2023 23/02/2023 Libro impreso
        Biblioteca del Ateneo de Madrid Biblioteca del Ateneo de Madrid Depósito 2 17/01/2008     E-6188 1145160 23/02/2023 23/02/2023 Libro impreso